[Event "PHzene19"]
[Site "Zagreb, Masarykova 22"]
[Date "2019.05.11"]
[Round "6.6"]
[White "Bedic, Noemi"]
[Black "Golub, Nikolina"]
[Result "1/2-1/2"]
[WhiteElo "1392"]
[BlackElo "1860"]
[PlyCount "66"]
[EventDate "2019.??.??"]

1. e4 c5 2. Nc3 e6 3. Nge2 d5 4. d4 cxd4 5. Nxd4 a6 6. Be2 Bb4 7. exd5 Qxd5 8.
O-O Qd7 9. Ne4 Be7 10. b3 Nf6 11. Nxf6+ Bxf6 12. c3 O-O 13. Bb2 Rd8 14. Rc1 e5
15. Nf3 Qe7 16. Qe1 Nc6 17. Rd1 Bf5 18. Rxd8+ Rxd8 19. Qa1 e4 20. Nd4 Nxd4 21.
cxd4 b5 22. a4 Qb4 23. axb5 axb5 24. Qa3 Qxa3 25. Bxa3 Be6 26. Rb1 Bxd4 27.
Bxb5 Bb6 28. Bc4 Bf5 29. Be7 Re8 30. Ra1 h6 31. Bh4 Rc8 32. Kf1 Bd8 33. Bxd8
Rxd8 1/2-1/2

[Event "PHzene19"]
[Site "Zagreb, Masarykova 22"]
[Date "2019.05.11"]
[Round "6.7"]
[White "Smetisko, Marija"]
[Black "Bevanda, Ema"]
[Result "1-0"]
[WhiteElo "1850"]
[BlackElo "1754"]
[PlyCount "59"]
[EventDate "2019.??.??"]

1. e4 e6 2. d4 d5 3. exd5 exd5 4. Nc3 Nf6 5. Bg5 Be7 6. Bd3 O-O 7. Nge2 b6 8.
Qd2 Nbd7 9. O-O Bb7 10. Ng3 h6 11. Bf4 a6 12. Nf5 Ne4 13. Qe3 Re8 14. Bxe4 dxe4
15. Qg3 Bf8 16. Nxh6+ Kh7 17. Nxf7 Qf6 18. Ng5+ Kg8 19. Bxc7 Rac8 20. d5 Qf5
21. Rad1 Nf6 22. d6 Nd7 23. Rfe1 g6 24. Qh4 Bg7 25. Ne2 Re5 26. Nh3 Rf8 27. Ng3
Qf7 28. c3 Qc4 29. Ng5 Rf6 30. Bd8 1-0

[Event "PHzene19"]
[Site "Zagreb, Masarykova 22"]
[Date "2019.05.11"]
[Round "6.8"]
[White "Trgovac, Mira"]
[Black "Arnold, Dora"]
[Result "1/2-1/2"]
[WhiteElo "1546"]
[BlackElo "1482"]
[PlyCount "154"]
[EventDate "2019.??.??"]

1. d4 d5 2. c4 c6 3. Nf3 Nf6 4. Nc3 e6 5. cxd5 exd5 6. Bg5 Be7 7. e3 Bf5 8. Bd3
Bxd3 9. Qxd3 Nbd7 10. O-O O-O 11. Rac1 Re8 12. Rc2 Ne4 13. Bf4 Bd6 14. Bxd6
Nxd6 15. Rfc1 Rc8 16. h3 h6 17. b4 Qb6 18. b5 Nf6 19. bxc6 Qxc6 20. Ne5 Qb6 21.
Na4 Qd8 22. Rxc8 Nxc8 23. Qc3 Ne4 24. Qc7 Ncd6 25. Qxd8 Rxd8 26. Rc7 Nf6 27.
Nc5 Nfe8 28. Rd7 Rxd7 29. Ncxd7 f6 30. Nd3 b6 31. Nb8 Kf7 32. Kf1 Ne4 33. Na6
Nc3 34. Nf4 g5 35. Ne2 Nxa2 36. Ke1 b5 37. Kd2 b4 38. Kc2 Ke6 39. Kb2 Nc3 40.
Nxc3 bxc3+ 41. Kxc3 Kd6 42. Kb4 Kc6 43. Ka5 Kd6 44. Kb5 f5 45. f3 h5 46. Nb4
Nc7+ 47. Ka5 h4 48. Nd3 Na8 49. Ne5 Ke6 50. f4 gxf4 51. exf4 Kf6 52. Nf3 Nc7
53. Ng1 Ke7 54. Ne2 Kf6 55. Kb4 Ke6 56. Kc5 Kd7 57. Nc3 a5 58. Na4 Ne6+ 59.
Kxd5 Nxf4+ 60. Ke5 Nxg2 61. Kxf5 Kd6 62. Ke4 Ne1 63. Nc3 Nc2 64. Kd3 Nb4+ 65.
Kc4 Ke6 66. d5+ Kf5 67. d6 Nc6 68. Nd5 Ke6 69. Kc5 Nd8 70. Nf4+ Kf5 71. Ng2
Nb7+ 72. Kc6 Nxd6 73. Kxd6 a4 74. Nxh4+ Ke4 75. Ng2 a3 76. Ne1 a2 77. Nc2 Kf4
1/2-1/2

[Event "PHzene19"]
[Site "Zagreb, Masarykova 22"]
[Date "2019.05.11"]
[Round "6.9"]
[White "Vuljanic, Ana"]
[Black "Smetisko, Lucija"]
[Result "1/2-1/2"]
[WhiteElo "1440"]
[BlackElo "1532"]
[PlyCount "89"]
[EventDate "2019.??.??"]

1. d4 d5 2. c4 Nf6 3. cxd5 Nxd5 4. Nf3 g6 5. e4 Nb6 6. Nc3 Bg7 7. Be3 O-O 8.
Be2 Bg4 9. O-O Nc6 10. d5 Bxf3 11. gxf3 Ne5 12. Qb3 Qc8 13. Kg2 Kh8 14. h3 f5
15. f4 Ned7 16. e5 Rg8 17. Kh1 h6 18. Rg1 Kh7 19. Qc2 c6 20. dxc6 Qxc6+ 21. f3
Nd5 22. Bd2 Rac8 23. Rac1 a6 24. Qd1 Nc5 25. Nxd5 Qxd5 26. Bc4 Qd4 27. Bxg8+
Rxg8 28. Qe2 Nd3 29. Rc7 Nxf4 30. Bxf4 Qxf4 31. Rxb7 Rd8 32. Rd1 Rxd1+ 33. Qxd1
Qxe5 34. Qd2 Kg8 35. Kg2 Kf7 36. b3 g5 37. Rd7 Kg6 38. Rd5 Qe6 39. Rd7 Qe5 40.
Rd5 Qe6 41. Qd3 Qf6 42. Rd7 Qe5 43. Qxa6+ Kh5 44. Qf1 Bf6 45. Rd2 1/2-1/2

[Event "PHzene19"]
[Site "Zagreb, Masarykova 22"]
[Date "2019.05.11"]
[Round "7.1"]
[White "Cvitan, Ena"]
[Black "Medic, Mirjana"]
[Result "1/2-1/2"]
[WhiteElo "2132"]
[BlackElo "2253"]
[PlyCount "29"]
[EventDate "2019.??.??"]

1. d4 e6 2. c4 f5 3. g3 Nf6 4. Bg2 d5 5. Nf3 c6 6. O-O Bd6 7. Nbd2 b6 8. Ne5
Bb7 9. Ndf3 O-O 10. Bf4 Qe7 11. Qc2 Ne4 12. Nd3 Bxf4 13. Nxf4 Nd7 14. h4 Rac8
15. Qa4 1/2-1/2

[Event "PHzene19"]
[Site "Zagreb, Masarykova 22"]
[Date "2019.05.11"]
[Round "7.2"]
[White "Vujnovic, Patricija"]
[Black "Spiranec, Noemi"]
[Result "1-0"]
[WhiteElo "2071"]
[BlackElo "2009"]
[PlyCount "63"]
[EventDate "2019.??.??"]

1. d4 Nf6 2. c4 e6 3. Nc3 Bb4 4. e3 Ne4 5. Qc2 Nxc3 6. bxc3 Ba5 7. Bd3 h6 8.
Ne2 d6 9. O-O Nd7 10. e4 c5 11. f4 e5 12. Be3 O-O 13. fxe5 dxe5 14. d5 Bc7 15.
Ng3 b6 16. Qd2 Nf6 17. h3 Kh7 18. Rf3 Bd6 19. Raf1 Be7 20. Nf5 Bxf5 21. Rxf5 g6
22. R5f3 h5 23. Bh6 Rg8 24. Bg5 Nxd5 25. Rxf7+ Kh8 26. exd5 Bxg5 27. Qe2 Bh6
28. Qxe5+ Bg7 29. Bxg6 Qh4 30. R1f4 Rae8 31. Qxe8 Qg3 32. Qe4 1-0

[Event "PHzene19"]
[Site "Zagreb, Masarykova 22"]
[Date "2019.05.11"]
[Round "7.3"]
[White "Muha, Magdalena"]
[Black "Ivekovic, Tihana"]
[Result "0-1"]
[WhiteElo "1918"]
[BlackElo "2081"]
[PlyCount "36"]
[EventDate "2019.??.??"]

1. d4 d5 2. c4 c6 3. Nc3 dxc4 4. a4 e6 5. e3 Nf6 6. Bxc4 Be7 7. Nf3 O-O 8. O-O
Nbd7 9. Qe2 Qc7 10. e4 e5 11. d5 cxd5 12. exd5 a6 13. h3 Bd6 14. Be3 e4 15. Nd2
Ne5 16. Ncxe4 Nxe4 17. Nxe4 Qxc4 18. Qxc4 Nxc4 0-1

[Event "PHzene19"]
[Site "Zagreb, Masarykova 22"]
[Date "2019.05.11"]
[Round "7.4"]
[White "Blazeka, Mihaela"]
[Black "Radikovic, Anamarija"]
[Result "0-1"]
[WhiteElo "2118"]
[BlackElo "1918"]
[PlyCount "40"]
[EventDate "2019.??.??"]

1. e4 c5 2. Nf3 d6 3. d4 cxd4 4. Nxd4 Nf6 5. f3 e5 6. Nb3 d5 7. Bg5 d4 8. c3
Nc6 9. Bb5 Qb6 10. Bxc6+ bxc6 11. cxd4 Ba6 12. Nc3 Rd8 13. Be3 exd4 14. Bxd4 c5
15. Nxc5 Bxc5 16. Qa4+ Rd7 17. Bxc5 Qxb2 18. Qxa6 Qxc3+ 19. Kf1 Qxa1+ 20. Kf2
Rd2+ 0-1

[Event "PHzene19"]
[Site "Zagreb, Masarykova 22"]
[Date "2019.05.11"]
[Round "7.5"]
[White "Grgic, Neomi"]
[Black "Smetisko, Marija"]
[Result "1-0"]
[WhiteElo "1904"]
[BlackElo "1850"]
[PlyCount "39"]
[EventDate "2019.??.??"]

1. e4 e5 2. Nf3 d6 3. d4 Nd7 4. Bc4 c6 5. O-O Be7 6. dxe5 dxe5 7. Qe2 Ngf6 8.
Rd1 Qc7 9. Ng5 Rf8 10. Bxf7+ Rxf7 11. Qc4 Rf8 12. Ne6 Qb6 13. Nxg7+ Kd8 14.
Ne6+ Ke8 15. Nxf8 Kxf8 16. Nc3 Ng4 17. Qe2 Ndf6 18. Rf1 Bc5 19. Nd1 Bd7 20. h3
1-0

[Event "PHzene19"]
[Site "Zagreb, Masarykova 22"]
[Date "2019.05.11"]
[Round "7.6"]
[White "Arnold, Dora"]
[Black "Bedic, Noemi"]
[Result "1/2-1/2"]
[WhiteElo "1482"]
[BlackElo "1392"]
[PlyCount "40"]
[EventDate "2019.??.??"]

1. e4 c5 2. Nf3 g6 3. d4 cxd4 4. Nxd4 Bg7 5. Nc3 Nc6 6. Be3 Nf6 7. Be2 O-O 8.
O-O a6 9. Qd2 b5 10. a3 Bb7 11. f3 Rc8 12. Rad1 Ne5 13. Nb3 Nc4 14. Bxc4 bxc4
15. Nc5 Rc7 16. N5a4 Rc8 17. Nb6 Rc7 18. Nba4 Rc8 19. Nb6 Rc7 20. Nba4 Rc8
1/2-1/2

[Event "PHzene19"]
[Site "Zagreb, Masarykova 22"]
[Date "2019.05.11"]
[Round "7.7"]
[White "Golub, Nikolina"]
[Black "Trgovac, Mira"]
[Result "1-0"]
[WhiteElo "1860"]
[BlackElo "1546"]
[PlyCount "59"]
[EventDate "2019.??.??"]

1. d4 d5 2. c4 e6 3. Nf3 Nf6 4. g3 c6 5. Qc2 Be7 6. Bg2 O-O 7. O-O Nbd7 8. b3
c5 9. e3 Rb8 10. Nc3 cxd4 11. exd4 dxc4 12. bxc4 Nb6 13. Bf4 Ra8 14. Qb3 Nh5
15. Be3 Nf6 16. Rfc1 Nbd7 17. Rab1 Re8 18. c5 Nf8 19. Ne5 Ng6 20. c6 Rb8 21.
Nxg6 hxg6 22. Bf4 Bd6 23. Bxd6 Qxd6 24. Nb5 Qe7 25. Nxa7 e5 26. dxe5 Qxe5 27.
c7 Ra8 28. Nxc8 Raxc8 29. Qxb7 Qa5 30. Bh3 1-0

[Event "PHzene19"]
[Site "Zagreb, Masarykova 22"]
[Date "2019.05.11"]
[Round "7.8"]
[White "Smetisko, Lucija"]
[Black "Maroslavac, Ivana"]
[Result "1-0"]
[WhiteElo "1532"]
[BlackElo "1825"]
[PlyCount "69"]
[EventDate "2019.??.??"]

1. e4 e5 2. Nf3 Nc6 3. Bc4 Bc5 4. c3 Nf6 5. d3 a6 6. b4 Ba7 7. O-O d6 8. h3 b5
9. Bb3 O-O 10. a4 Bd7 11. Bb2 Ne7 12. Nbd2 Ng6 13. d4 exd4 14. cxd4 h6 15. Qc2
Ne7 16. Rfe1 c6 17. Rac1 Qb6 18. a5 Qb7 19. Nf1 Rac8 20. Qd2 Ng6 21. Ng3 Rfd8
22. Qe2 Re8 23. Qd3 Nf8 24. Qb1 c5 25. dxc5 dxc5 26. bxc5 Bxc5 27. Bxf6 gxf6
28. e5 fxe5 29. Nxe5 Be6 30. Nh5 Nh7 31. Bc2 f5 32. Bxf5 Bxf5 33. Qxf5 Qe7 34.
Nd3 Bxf2+ 35. Qxf2 1-0

[Event "PHzene19"]
[Site "Zagreb, Masarykova 22"]
[Date "2019.05.11"]
[Round "7.9"]
[White "Bevanda, Ema"]
[Black "Purkic, Ruza"]
[Result "1-0"]
[WhiteElo "1754"]
[BlackElo "1443"]
[PlyCount "59"]
[EventDate "2019.??.??"]

1. d4 Nf6 2. Bf4 g6 3. e3 Bg7 4. Nf3 c5 5. c3 cxd4 6. exd4 O-O 7. Be2 Qb6 8.
Qb3 Qxb3 9. axb3 d6 10. Nbd2 Nbd7 11. O-O Nh5 12. Bg5 e5 13. Be7 e4 14. Ne1 Re8
15. Bxd6 Bh6 16. Nc4 Ndf6 17. Nb6 Bg4 18. Nxa8 Bxe2 19. Rxa7 Bxf1 20. Kxf1 e3
21. fxe3 Bxe3 22. Nc7 Rc8 23. Rxb7 Ng7 24. Nd3 Nf5 25. Be5 Ng4 26. Nd5 Bg5 27.
h3 Nge3+ 28. Nxe3 Nxe3+ 29. Kf2 Re8 30. Rb8 1-0

[Event "PHzene19"]
[Site "Zagreb, Masarykova 22"]
[Date "2019.05.11"]
[Round "7.10"]
[White "Trgovac, Marta"]
[Black "Vuljanic, Ana"]
[Result "0-1"]
[WhiteElo "1245"]
[BlackElo "1440"]
[PlyCount "110"]
[EventDate "2019.??.??"]

1. c4 Nf6 2. Nc3 c5 3. Nf3 e6 4. e3 Be7 5. Be2 b6 6. O-O O-O 7. a3 Bb7 8. Rb1
Nc6 9. Na2 d5 10. cxd5 Nxd5 11. d4 cxd4 12. Nxd4 Nf6 13. Nxc6 Bxc6 14. b4 Rc8
15. Bb2 Qc7 16. Rc1 Qb7 17. f3 Rfd8 18. Qe1 b5 19. Qg3 Rd2 20. Bxf6 Bxf6 21.
Rf2 Rxa2 22. Bxb5 Bd5 23. Rxc8+ Qxc8 24. Rxa2 Bxa2 25. h4 Qd8 26. e4 Bxh4 27.
Qf4 Bg5 28. Qe5 Be3+ 29. Kh1 Qh4+ 30. Qh2 Qxh2+ 31. Kxh2 Bc1 32. a4 Bd2 33. Kg3
Bxb4 34. Kf2 Kf8 35. Ke3 e5 36. Kd3 Ke7 37. Kc2 Be6 38. Kb2 Bd7 39. Kb3 a5 40.
Kc4 Kd6 41. g4 Be6+ 42. Kd3 f6 43. Be8 Ke7 44. Bb5 Bf7 45. Bc6 g6 46. Ke2 h5
47. Kf2 h4 48. Kg2 Be8 49. Bxe8 Kxe8 50. Kh3 g5 51. Kg2 Kd7 52. Kh3 Kc6 53. Kg2
Kc5 54. Kh3 Bc3 55. Kg2 Kb4 0-1

[Event "PHzene19"]
[Site "Zagreb, Masarykova 22"]
[Date "2019.05.12"]
[Round "8.1"]
[White "Medic, Mirjana"]
[Black "Vujnovic, Patricija"]
[Result "1/2-1/2"]
[WhiteElo "2253"]
[BlackElo "2071"]
[PlyCount "91"]
[EventDate "2019.??.??"]

{[%evp 0,91,19,31,19,23,28,9,57,-3,-16,-9,-15,-9,1,-29,-18,-24,11,5,13,26,39,
20,22,20,34,37,33,47,21,8,1,-39,-51,-50,-51,-80,-91,-97,-86,-122,-110,-111,-59,
-52,-49,-60,-35,-78,-40,-39,-36,-3,55,-48,-17,-39,-30,-57,-21,-54,-41,-68,-87,
-81,-97,-151,-69,-70,-60,-68,-28,-50,-5,-5,15,59,48,55,55,37,34,34,32,32,57,57,
32,41,38,0,41,41]} 1. d4 d5 2. Nf3 Nf6 3. e3 c5 4. b3 Nc6 5. Bb2 cxd4 6. exd4
Bg4 7. Be2 e6 8. O-O Bxf3 9. Bxf3 Bd6 10. c4 Ne7 11. Qe2 O-O 12. c5 Bb8 13. g3
Nc6 14. Nd2 Re8 15. Qb5 Qd7 16. Be2 a6 17. Qa4 e5 18. dxe5 Bxe5 19. Bxe5 Nxe5
20. Qf4 Ng6 21. Qf3 Re5 22. Bd3 Rae8 23. Rac1 Rh5 24. Bxg6 hxg6 25. Rfe1 Rxe1+
26. Rxe1 Ng4 27. Nf1 d4 28. b4 Re5 29. Rd1 Rd5 30. Qe4 d3 31. f4 Rd4 32. Qf3
Nf6 33. a3 Ne4 34. Nd2 Nc3 35. Re1 Ne2+ 36. Kg2 Rd5 37. Ne4 Rd4 38. Nf2 Nc3 39.
Re3 d2 40. Rxc3 d1=Q 41. Nxd1 Rxd1 42. Re3 Rd2+ 43. Re2 Rd3 44. Qe4 Kh7 45. Re3
Rd2+ 46. Re2 1/2-1/2

[Event "PHzene19"]
[Site "Zagreb, Masarykova 22"]
[Date "2019.05.12"]
[Round "8.2"]
[White "Ivekovic, Tihana"]
[Black "Cvitan, Ena"]
[Result "1/2-1/2"]
[WhiteElo "2081"]
[BlackElo "2132"]
[PlyCount "60"]
[EventDate "2019.??.??"]

1. d4 Nf6 2. c4 e6 3. g3 d5 4. Bg2 Bb4+ 5. Bd2 Bd6 6. Nf3 c6 7. Qc2 Nbd7 8. O-O
O-O 9. Bg5 h6 10. Bxf6 Nxf6 11. Nbd2 b6 12. e4 Be7 13. e5 Nd7 14. cxd5 cxd5 15.
Rfc1 Nb8 16. Nf1 Bd7 17. Ne3 Nc6 18. Qd1 Rc8 19. Bf1 Rc7 20. h4 Qa8 21. Bd3
Rfc8 22. Ba6 Rd8 23. Bd3 a6 24. a3 Rdc8 25. Bc2 Na5 26. h5 Kf8 27. Qd3 Ke8 28.
Nd2 Bb5 29. Qh7 Bf8 30. Re1 Nc6 1/2-1/2

[Event "PHzene19"]
[Site "Zagreb, Masarykova 22"]
[Date "2019.05.12"]
[Round "8.3"]
[White "Radikovic, Anamarija"]
[Black "Grgic, Neomi"]
[Result "1-0"]
[WhiteElo "1918"]
[BlackElo "1904"]
[PlyCount "65"]
[EventDate "2019.??.??"]

1. d4 d5 2. c4 e6 3. Nc3 Bb4 4. e3 Nf6 5. Bd3 O-O 6. Qc2 dxc4 7. Bxc4 c5 8. a3
cxd4 9. axb4 dxc3 10. Nf3 b6 11. bxc3 Bb7 12. Be2 Qc7 13. Bb2 Nbd7 14. c4 e5
15. O-O a6 16. Rfd1 Rac8 17. Rac1 e4 18. Nh4 Ne5 19. Qc3 Rfe8 20. Nf5 Re6 21.
c5 Ne8 22. Qd4 Nc6 23. Qd7 Nxb4 24. Bc4 Bd5 25. Qxc7 Nxc7 26. cxb6 Bxc4 27.
Rxc4 Nd3 28. Rxc7 Rb8 29. Bd4 Nb4 30. b7 Nd5 31. Rc8+ Re8 32. Rxe8+ Rxe8 33.
Ba7 1-0

[Event "PHzene19"]
[Site "Zagreb, Masarykova 22"]
[Date "2019.05.12"]
[Round "8.4"]
[White "Spiranec, Noemi"]
[Black "Smetisko, Lucija"]
[Result "1-0"]
[WhiteElo "2009"]
[BlackElo "1532"]
[PlyCount "125"]
[EventDate "2019.??.??"]

1. d4 d5 2. c4 Nf6 3. Nf3 g6 4. cxd5 Nxd5 5. g3 Bg7 6. Bg2 O-O 7. O-O c6 8. e4
Nb6 9. h3 N8d7 10. Qc2 e5 11. Rd1 exd4 12. Nxd4 Qe7 13. Nc3 Rd8 14. Bf4 Nc5 15.
Nde2 Ne6 16. Rxd8+ Qxd8 17. Rd1 Qe8 18. Bc1 Bd7 19. f4 Rd8 20. e5 Bc8 21. Ne4
Rxd1+ 22. Qxd1 Qd8 23. Qxd8+ Nxd8 24. Be3 Bf8 25. N2c3 Be7 26. Bc5 Bxc5+ 27.
Nxc5 Nd7 28. N5e4 b6 29. Bf1 Nb8 30. Nd6 Ba6 31. Bxa6 Nxa6 32. Nc8 Nc5 33. Nxa7
b5 34. Ne2 Nd3 35. b3 b4 36. Kg2 Kg7 37. Kf3 Nb2 38. Nc1 c5 39. Ke2 c4 40. bxc4
Nxc4 41. Nd3 f6 42. exf6+ Kxf6 43. Nxb4 g5 44. Nd5+ Ke6 45. Ne3 Nxe3 46. Kxe3
gxf4+ 47. Kxf4 Kf6 48. a4 Ne6+ 49. Kf3 Kf5 50. Nc6 Ng5+ 51. Kg2 Ne4 52. a5 Nc5
53. Nb8 Ke6 54. a6 Na4 55. a7 Nb6 56. Na6 Kd6 57. Kf3 Kc6 58. Kg4 Kb7 59. Nc5+
Kxa7 60. Kh5 Nd5 61. Kh6 Nf6 62. g4 Kb6 63. g5 1-0

[Event "PHzene19"]
[Site "Zagreb, Masarykova 22"]
[Date "2019.05.12"]
[Round "8.5"]
[White "Blazeka, Mihaela"]
[Black "Golub, Nikolina"]
[Result "0-1"]
[WhiteElo "2118"]
[BlackElo "1860"]
[PlyCount "56"]
[EventDate "2019.??.??"]

1. e4 c5 2. Nf3 e6 3. c4 Nc6 4. d4 cxd4 5. Nxd4 Bc5 6. Nb3 Bb4+ 7. Bd2 a5 8.
Na3 Bxa3 9. bxa3 Nf6 10. Qc2 Qe7 11. a4 d5 12. f3 dxe4 13. fxe4 e5 14. Be3 Nd4
15. Nxd4 exd4 16. Bxd4 Nxe4 17. O-O-O O-O 18. Bd3 Re8 19. Rde1 Bf5 20. h4 Qd6
21. Bb2 Qf4+ 22. Kb1 Nd2+ 23. Ka1 Bxd3 24. Qxd3 Nxc4 25. Rxe8+ Rxe8 26. Qd7 Qe4
27. Bc3 Qe3 28. Bd4 Qe1+ 0-1

[Event "PHzene19"]
[Site "Zagreb, Masarykova 22"]
[Date "2019.05.12"]
[Round "8.6"]
[White "Bedic, Noemi"]
[Black "Muha, Magdalena"]
[Result "1-0"]
[WhiteElo "1392"]
[BlackElo "1918"]
[PlyCount "47"]
[EventDate "2019.??.??"]

1. e4 e6 2. d4 d5 3. Nd2 Nf6 4. exd5 exd5 5. Ngf3 Bg4 6. Bd3 Nc6 7. c3 a6 8.
O-O Qd7 9. Re1+ Be7 10. Qc2 O-O-O 11. b4 Qd6 12. b5 axb5 13. Bxb5 Na7 14. a4 c6
15. Ba3 Qf4 16. Bxe7 cxb5 17. Bxd8 Rxd8 18. axb5 Nxb5 19. Ra8+ Kc7 20. Rxd8
Kxd8 21. Qb2 Nd6 22. Qb6+ Kc8 23. Qc5+ Kd8 24. g3 1-0

[Event "PHzene19"]
[Site "Zagreb, Masarykova 22"]
[Date "2019.05.12"]
[Round "8.7"]
[White "Bevanda, Ema"]
[Black "Arnold, Dora"]
[Result "1-0"]
[WhiteElo "1754"]
[BlackElo "1482"]
[PlyCount "93"]
[EventDate "2019.??.??"]

1. d4 d5 2. Bf4 Nf6 3. e3 Bf5 4. Nf3 e6 5. c4 c5 6. Nc3 cxd4 7. Qa4+ Nc6 8.
Nxd4 Qb6 9. Qb5 Qxb5 10. Ndxb5 Rc8 11. cxd5 exd5 12. a3 Be6 13. Rd1 Rd8 14. Be2
h6 15. Bf3 g5 16. Bg3 Ke7 17. O-O Bg7 18. Nc7 d4 19. Nxe6 fxe6 20. exd4 Nxd4
21. Bxb7 Nh5 22. Be4 Nxg3 23. hxg3 Rb8 24. Rd2 Rb3 25. Rfd1 Rd8 26. Kf1 Rbb8
27. Na4 Nb5 28. Rxd8 Rxd8 29. Rxd8 Kxd8 30. Ke2 Kc7 31. Kd3 Nd6 32. Bf3 Nb5 33.
Nc3 Nxc3 34. bxc3 Bf8 35. a4 Kb6 36. Kc4 a5 37. Bg4 e5 38. f3 Kc6 39. Bf5 Be7
40. Be4+ Kd6 41. Kb5 Bd8 42. c4 Bc7 43. Bf5 Ke7 44. Kc6 Bd8 45. c5 Ke8 46. Kb7
Ke7 47. g4 1-0

[Event "PHzene19"]
[Site "Zagreb, Masarykova 22"]
[Date "2019.05.12"]
[Round "8.9"]
[White "Purkic, Ruza"]
[Black "Vuljanic, Ana"]
[Result "1/2-1/2"]
[WhiteElo "1443"]
[BlackElo "1440"]
[PlyCount "163"]
[EventDate "2019.??.??"]

1. c4 Nf6 2. g3 c5 3. Bg2 e6 4. Nc3 d5 5. cxd5 exd5 6. d4 cxd4 7. Qxd4 Nc6 8.
Qd1 d4 9. Ne4 Nxe4 10. Bxe4 Be7 11. a3 O-O 12. Qc2 g6 13. e3 Bd7 14. Ne2 Rc8
15. Qd3 dxe3 16. Bxe3 Bf6 17. Rd1 Ne5 18. Qb3 Qa5+ 19. Nc3 Be6 20. Qxb7 Rb8 21.
Qxa7 Qxa7 22. Bxa7 Rxb2 23. O-O Nc4 24. Bd4 Bxd4 25. Rxd4 Nxa3 26. Nd5 Nb5 27.
Rd3 Kg7 28. Rfd1 Bg4 29. Rc1 Re8 30. Bf3 Bxf3 31. Rxf3 Nd4 32. Kg2 Nxf3 33.
Kxf3 Ree2 34. Rf1 Red2 35. Ne3 Ra2 36. h4 h5 37. Nc4 Rdc2 38. Ne3 Rcb2 39. Nd5
Rb3+ 40. Kg2 Rab2 41. Rc1 Rb8 42. Nf4 R8b7 43. Nd3 Rd2 44. Nc5 Rbb2 45. Rf1 Rb5
46. Ne4 Rd4 47. Ng5 Rdd5 48. Rc1 Rbc5 49. Rb1 Rxg5 50. hxg5 Rxg5 51. Rb4 Rd5
52. Rb7 Kf6 53. f3 g5 54. Rb4 Kg6 55. Rb6+ f6 56. Rb4 Rc5 57. Ra4 Rc2+ 58. Kg1
Rd2 59. Rb4 Kf7 60. Rb7+ Kg6 61. Rb4 Re2 62. Kf1 Rh2 63. Kg1 Rc2 64. Ra4 Rc6
65. Kf2 Re6 66. f4 gxf4 67. Rxf4 Kg5 68. Kf3 f5 69. Rb4 Rf6 70. Rf4 Rb6 71. Ra4
Rb3+ 72. Kg2 Re3 73. Kf2 Re4 74. Ra8 Kf6 75. Rh8 Kg6 76. Kf3 Rc4 77. Rg8+ Kh6
78. Rh8+ Kg6 79. Rg8+ Kf6 80. Rf8+ Kg5 81. Rg8+ Kf6 82. Rf8+ 1/2-1/2

[Event "PHzene19"]
[Site "Zagreb, Masarykova 22"]
[Date "2019.05.13"]
[Round "9.1"]
[White "Grgic, Neomi"]
[Black "Medic, Mirjana"]
[Result "1/2-1/2"]
[WhiteElo "1904"]
[BlackElo "2253"]
[PlyCount "64"]
[EventDate "2019.??.??"]

1. e4 e6 2. d4 d5 3. Nd2 c5 4. exd5 exd5 5. Ngf3 Nc6 6. dxc5 Bxc5 7. Nb3 Bd6 8.
Be2 Nge7 9. O-O O-O 10. c3 Qc7 11. h3 a6 12. Bd3 h6 13. Nbd4 Bd7 14. Bc2 Ng6
15. Qd3 Rfe8 16. Be3 Nce5 17. Nxe5 Bxe5 18. a4 Rac8 19. Nf3 Qc4 20. Nxe5 Rxe5
21. Bd4 Re2 22. b3 Qxd3 23. Bxd3 Rb2 24. Bxg6 fxg6 25. b4 Re8 26. a5 Rbe2 27.
Be3 Bb5 28. Rfe1 Rxe1+ 29. Rxe1 Kf7 30. Kh2 g5 31. g4 g6 32. Kg3 Re6 1/2-1/2

[Event "PHzene19"]
[Site "Zagreb, Masarykova 22"]
[Date "2019.05.13"]
[Round "9.2"]
[White "Ivekovic, Tihana"]
[Black "Radikovic, Anamarija"]
[Result "0-1"]
[WhiteElo "2081"]
[BlackElo "1918"]
[PlyCount "54"]
[EventDate "2019.??.??"]

1. d4 Nf6 2. c4 g6 3. Nf3 Bg7 4. Nc3 O-O 5. e4 d6 6. h3 e5 7. d5 a5 8. g4 Na6
9. Be3 c6 10. Be2 cxd5 11. cxd5 Bd7 12. Nd2 Rc8 13. Nc4 Qe7 14. g5 Nh5 15. Nb6
Nf4 16. Nxc8 Rxc8 17. h4 f5 18. a3 fxe4 19. Nxe4 Bf5 20. f3 Ng2+ 21. Kf2 Nxe3
22. Kxe3 Qc7 23. Kd2 Qb6 24. Ke1 Nc5 25. Nxc5 Qxc5 26. Kf1 e4 27. b4 Qe3 0-1

[Event "PHzene19"]
[Site "Zagreb, Masarykova 22"]
[Date "2019.05.13"]
[Round "9.3"]
[White "Cvitan, Ena"]
[Black "Spiranec, Noemi"]
[Result "1/2-1/2"]
[WhiteElo "2132"]
[BlackElo "2009"]
[PlyCount "109"]
[EventDate "2019.??.??"]

1. d4 Nf6 2. c4 e6 3. Nf3 Bb4+ 4. Nbd2 O-O 5. e3 d5 6. a3 Bd6 7. Bd3 Nbd7 8. c5
Be7 9. b4 c6 10. Bb2 Qc7 11. Qc2 b6 12. O-O a5 13. Bc3 bxc5 14. bxc5 Ba6 15.
Bxa6 Rxa6 16. a4 Bd8 17. Rab1 Re8 18. h3 Qc8 19. Ne5 Nxe5 20. dxe5 Nd7 21. Bd4
f6 22. f4 fxe5 23. fxe5 Qc7 24. Qc3 Be7 25. Rb2 Raa8 26. Rfb1 Rab8 27. Rxb8
Rxb8 28. Rxb8+ Nxb8 29. Nb3 Bd8 30. Qd2 Qa7 31. Bc3 Nd7 32. Bd4 Bc7 33. Qc3 Kf8
34. Kf2 Ke7 35. Ke1 Qa6 36. Nd2 Qb7 37. Ke2 Qb8 38. Nf3 Qb1 39. Qd3 Qa2+ 40.
Kf1 g6 41. e4 Qxa4 42. exd5 cxd5 43. Qe3 Qd1+ 44. Kf2 Qc2+ 45. Kg1 Nf8 46. Qh6
Qf5 47. c6 Ke8 48. Bc5 a4 49. Qh4 Bd8 50. Qxa4 Qe4 51. Qa8 d4 52. Qc8 Qe3+ 53.
Kh2 Qf4+ 54. g3 Qxf3 55. c7 1/2-1/2

[Event "PHzene19"]
[Site "Zagreb, Masarykova 22"]
[Date "2019.05.13"]
[Round "9.4"]
[White "Vujnovic, Patricija"]
[Black "Bedic, Noemi"]
[Result "1-0"]
[WhiteElo "2071"]
[BlackElo "1392"]
[PlyCount "81"]
[EventDate "2019.??.??"]

1. d4 Nf6 2. Nf3 g6 3. c4 Bg7 4. e3 d6 5. Be2 Bf5 6. Qb3 Bc8 7. Nc3 Nbd7 8. O-O
O-O 9. Rd1 c5 10. Qc2 cxd4 11. exd4 b6 12. Bf4 Nh5 13. Be3 Bb7 14. d5 h6 15.
Rab1 f5 16. Nd4 Bxd4 17. Rxd4 Kg7 18. Bxh5 gxh5 19. Ne2 Qe8 20. Nf4 Kh8 21. Ne6
Qg6 22. Rh4 Rg8 23. Nf4 Qg7 24. g3 Ne5 25. Qe2 Rac8 26. b3 Ng4 27. Rxh5 Nxe3
28. Qxe3 Kh7 29. Re1 Rce8 30. Rxf5 Bc8 31. Ne6 Bxe6 32. Qxe6 Rgf8 33. Rxf8 Qxf8
34. Re4 Qg7 35. Rg4 Qf6 36. Qe4+ Kh8 37. Rg6 Qa1+ 38. Kg2 Qc1 39. Qd4+ e5 40.
dxe6+ Kh7 41. Qg7# 1-0

[Event "PHzene19"]
[Site "Zagreb, Masarykova 22"]
[Date "2019.05.13"]
[Round "9.5"]
[White "Golub, Nikolina"]
[Black "Bevanda, Ema"]
[Result "1/2-1/2"]
[WhiteElo "1860"]
[BlackElo "1754"]
[PlyCount "46"]
[EventDate "2019.??.??"]

1. d4 d5 2. c4 e6 3. Nf3 Nf6 4. Bf4 Be7 5. Nc3 a6 6. a4 Nbd7 7. cxd5 exd5 8. e3
b6 9. Be2 Bb7 10. O-O O-O 11. Qb3 c5 12. dxc5 Nxc5 13. Qc2 Ne6 14. Be5 Rc8 15.
Rfd1 Bd6 16. Bxd6 Qxd6 17. Qb3 Rfd8 18. Rac1 Nc5 19. Qb4 a5 20. Qa3 Qe6 21. Nd4
Qe5 22. Nf3 Qe6 23. Nd4 Qe5 1/2-1/2

[Event "PHzene19"]
[Site "Zagreb, Masarykova 22"]
[Date "2019.05.13"]
[Round "9.6"]
[White "Muha, Magdalena"]
[Black "Smetisko, Lucija"]
[Result "1-0"]
[WhiteElo "1918"]
[BlackElo "1532"]
[PlyCount "59"]
[EventDate "2019.??.??"]

1. d4 d5 2. c4 Nf6 3. cxd5 Nxd5 4. e4 Nb6 5. Nc3 g6 6. h3 Bg7 7. Nf3 O-O 8. Be2
c6 9. O-O N8d7 10. Bf4 Re8 11. Qb3 e5 12. dxe5 Nxe5 13. Nxe5 Bxe5 14. Bxe5 Rxe5
15. f4 Re8 16. f5 Qe7 17. Rf2 Nd7 18. fxg6 hxg6 19. Rxf7 Qc5+ 20. Kh1 Kh8 21.
Na4 Qg5 22. Raf1 Qh6 23. Qc3+ Ne5 24. Rf8+ Rxf8 25. Qxe5+ Kh7 26. Qe7+ Qg7 27.
Qxf8 Qxf8 28. Rxf8 Kg7 29. Rd8 b6 30. Bg4 1-0